| 000 | 01452nas a2200373 4500 | ||
|---|---|---|---|
| 001 | BR8400095 | ||
| 003 | BR-BrBNA | ||
| 005 | 20231205085741.0 | ||
| 007 | ta | ||
| 008 | 230509b bl.|||p| |||| 00| 00por d | ||
| 040 |
_aBR-BrBNA _bpor _cBiblioteca Nacional de Agricultura |
||
| 041 | _a(Pt) | ||
| 072 | _aF25; F22 | ||
| 100 | 1 | _aMachado, M.O. | |
| 100 | 1 | _aGomes, A. da S. | |
| 100 | 1 | _aTuratti, A.L. | |
| 100 | 1 | _aPauletto, E.A. | |
| 100 | 1 | _aSilveira Junior, P. | |
| 245 | 1 | _aEfeito da adubacao organica e mineral na producao do arroz irrigado e nas propriedades quimicas e fisicas do solo de Pelotas [Oryza sativa, fertilizante nitrogenado, fertilizante fosfatado, fertilizante potassico, casca de arroz, Rio Grande do Sul, Brasil] | |
| 246 | 1 | _aEffect of organic and mineral fertilizers on flooded rice yield and chemical and physical properties of Pelotas soil [Oryza sativa, nitrogen fertilizer, phosphated fertilizer, potassium fertilizer, rice peel, Rio Grande do Sul, Brazil] | |
| 650 | _aARROZ IRRIGADO | ||
| 650 | _aNITROGENIO | ||
| 650 | _aFOSFORO | ||
| 650 | _aPOTASSIO | ||
| 650 | _aNPK | ||
| 650 | _aCASCA DE ARROZ | ||
| 650 | _aADUBACAO | ||
| 650 | _aRENDIMENTO | ||
| 650 | _aPELOTAS | ||
| 650 | _aRIO GRANDE DO SUL | ||
| 773 | 0 |
_tPesquisa Agropecuaria Brasileira (Brazil) _xISSN 0100-204X _g(Jun 1983), v. 18(6) p. 583-591 _wBR8400095 |
|
| 909 |
_a202311 _bLúcia _c55 _dLúcia Elande |
||
| 942 |
_2AGRIS _n0 _cANA |
||
| 999 |
_c113557 _d113557 |
||